000 00930nam a2200289Ia 4500
001 Para_9224
003 CHAP
008 220125s2006 xx 000 0 und d
010 _a207963
040 _cCHAP
090 _aFOLLETO 3521
100 1 _aCaamal Cauich, Ignacio
_916527
245 _aProducción y exportación hotofrutícola de México en el contexto del TLCAN /
_c por Ignacio Caamal Cauich
260 _aChapingo, Méx. :
_b Universidad Autónoma Chapingo
300 _a41 p.
650 _aFruticultura
_x aspectos económicos
_943689
650 _aHorticultura
_x aspectos económicos
_956299
650 _aHortofruticultura
_x aspectos económicos
_9174409
710 2 _aUniversidad Autónoma Chapingo
_9143749
901 _aFOLLETO 3521
902 _aM
905 _a0000002006 n 0000000000 00
910 _a2006
942 _cPARA
942 _cPARA
_d14
999 _c207963
_d207963